| LEADER 01174nam 2200277 a 4500 |
| 001 12334106980 |
| 003 ULIB |
| 008 030417s2551 th a sb 001 0 tha |
| 020 ^a9789740322641 |
| 060 4 ^aWS105.5^bว195น 2551 |
| 100 0 ^aวรดนู จีระเดชากุล |
| 245 10 ^aนันทนาการสำหรับเด็ก =^b Reaction for children /^cวรดนู จีระเดชากุล |
| 250 ^aพิมพ์ครั้งที่ 5 |
| 260 ^aกรุงเทพฯ :^bสำนักพิมพ์แห่งจุฬาลงกรณ์มหาวิทยาลัย,^c2551 |
| 300 ^a231 หน้า :^bภาพประกอบ |
| 520 ^aหนังสือเล่มนี้เสนอเนื้อหา นันทนาการสำหรับเด็ก ประกอบด้วย พัฒนาการของเด็ก บทบาทและอิทธิพลของนันทนาการต่อวัยเด็ก ความสำคัญ ประโยชน์และคุณค่าของนันทนาการที่มีต่อเด็ก ความจำเป็นของเด็กในด้านนันทนาการการเป็นผู้นำนันทนาการ ขอบข่ายของนันทนาการ กิจกรรมนันทนาการสำหรับเด็ก เกมสำหรับเด็ก ศิลปะและกิจกรรมสร้างสรรค์สำหรับเด็ก และ ดนตรี เพลง และกิจกรรมเข้าจังหวัดสำหรับเด็ก |
| 650 7 ^aเด็ก^xนันทนาการ |
| 650 7 ^aนันทนาการ^xการศึกษาและการสอน |
| 650 7 ^aนันทนาการ^xกิจกรรมการเรียนการสอน |
| 913 ^aImported by ULIBM Administrator |
| 949 ^aImport form external file by ULIBM system |
| 999 ^aสุณิสา |